[Event "FB1 2324 SC 1957 Bad Königshofen  - Sch"]
[Site "?"]
[Date "2023.10.14"]
[Round "1.1"]
[White "Klek, Hanna Marie"]
[Black "Schneider, Jana"]
[Result "1-0"]
[WhiteElo "2273"]
[BlackElo "2285"]
[PlyCount "132"]
[EventDate "2023.??.??"]

1. e4 e5 2. Nf3 Nc6 3. Bc4 Nf6 4. d3 Bc5 5. c3 a6 6. Bb3 d6 7. O-O Ba7 8. Be3 O-O 9. Nbd2 Ne7 10. Bxa7 Rxa7 11. d4 Ng6 12. dxe5 dxe5 13. Qe2 Qe7 14. Nc4 Be6 15. Qe3 Raa8 16. Na5 b6 17. Nc6 Qe8 18. Nb4 Bxb3 19. axb3 Qe6 20. c4 Qg4 21. Nd5 Nxd5 22. exd5 Nf4 23. g3 Nh3+ 24. Kg2 e4 25. Ne5 Qf5 26. f4 h5 27. Nc6 Rfe8 28. b4 Qg4 29. Ne5 Qf5 30. Nc6 Qg4 31. Kh1 g5 32. fxg5 Qxg5 33. Rae1 Qxe3 34. Rxe3 Kg7 35. Kg2 Ng5 36. Rf4 a5 37. bxa5 bxa5 38. h4 Nf3 39. Rfxe4 Rxe4 40. Rxe4 Nd2 41. Rf4 Nb3 42. Ne5 Rf8 43. Kf2 Nc5 44. Ke3 f6 45. Nc6 Re8+ 46. Kd4 Nb3+ 47. Kd3 Nc1+ 48. Kd2 Nb3+ 49. Kc2 a4 50. Nd4 Nc5 51. Rf3 Kf7 52. Kc3 Ne4+ 53. Kb4 Rb8+ 54. Nb5 Nd6 55. Kc5 Ke7 56. Ra3 Kd7 57. Rxa4 Ne4+ 58. Kb4 Nxg3 59. Ra7 Kd8 60. Kc5 Ne4+ 61. Kd4 f5 62. b3 Nd2 63. Nxc7 Nxb3+ 64. Ke5 Nd2 65. Ne6+ Ke8 66. c5 Nc4+ 1-0

[Event "FB1 2324 SC 1957 Bad Königshofen  - Sch"]
[Site "?"]
[Date "2023.10.14"]
[Round "1.3"]
[White "Schleining, Zoya"]
[Black "Maltsevskaya, Aleksandra"]
[Result "1-0"]
[WhiteElo "2331"]
[BlackElo "2389"]
[PlyCount "141"]
[EventDate "2023.??.??"]

1. e4 c5 2. Nf3 e6 3. g3 d5 4. exd5 exd5 5. d4 Nc6 6. Bg2 Bg4 7. O-O cxd4 8. h3 Bxf3 9. Qxf3 Be7 10. Qxd5 Qxd5 11. Bxd5 Nf6 12. Bxc6+ bxc6 13. Nd2 O-O 14. Nc4 Nd5 15. Bd2 f6 16. Rfe1 Kf7 17. Re4 c5 18. Rae1 Rfd8 19. Ba5 Rd7 20. Re6 Rc8 21. a3 Bf8 22. Ra6 Rb7 23. Kf1 Rd7 24. Re4 h5 25. h4 Rb8 26. Rc6 Rb5 27. Rc8 Ne7 28. Rc7 Ke8 29. Rc8+ Kf7 30. Rc7 Rxc7 31. Bxc7 Nf5 32. Ke2 Rb7 33. Bf4 Be7 34. Kd3 g5 35. hxg5 fxg5 36. Bc1 h4 37. gxh4 gxh4 38. Rf4 Ke6 39. Re4+ Kf6 40. Bf4 h3 41. Re1 Bf8 42. Be5+ Kg6 43. Rg1+ Kh5 44. Rh1 Kg4 45. f3+ Kxf3 46. Rxh3+ Kg4 47. Rh8 Bh6 48. Rg8+ Kf3 49. Rc8 Ne3 50. Rxc5 Nxc4 51. Rxc4 Rxb2 52. Bxd4 Ra2 53. Bc5 Ra1 54. Ra4 Rd1+ 55. Kc4 Rc1 56. c3 Bg7 57. Bb4 Ke4 58. Rxa7 Bf6 59. Ra8 Ra1 60. a4 Kf5 61. a5 Ke6 62. Ra6+ Kf7 63. Kb5 Bd8 64. Rc6 Ke8 65. Rd6 Bc7 66. Rd5 Bg3 67. a6 Bf2 68. Rd2 Ba7 69. Rh2 Bg1 70. Rh1 Kd7 71. a7 1-0

[Event "FB1 2324 SC 1957 Bad Königshofen  - Sch"]
[Site "?"]
[Date "2023.10.14"]
[Round "1.4"]
[White "Babiy, Olga"]
[Black "Nebolsina, Vera"]
[Result "0-1"]
[WhiteElo "2323"]
[BlackElo "2209"]
[PlyCount "100"]
[EventDate "2023.??.??"]

1. e4 e5 2. Nf3 Nf6 3. Nxe5 d6 4. Nd3 Nxe4 5. Qe2 Qe7 6. Nf4 Nf6 7. d4 Bf5 8. c3 c5 9. Na3 Nc6 10. d5 Ne5 11. h4 Bd3 12. Nxd3 Nxd3+ 13. Kd2 Nxf2 14. Qxe7+ Bxe7 15. Bb5+ Kd8 16. Rf1 N6e4+ 17. Ke2 Bxh4 18. Be3 a6 19. Bxf2 Nxf2 20. Ba4 b5 21. g3 Ne4 22. gxh4 Ng3+ 23. Kd3 Nxf1 24. Rxf1 bxa4 25. Rxf7 Rc8 26. Rxg7 Rc7 27. Rg4 Rf8 28. Rxa4 Rf3+ 29. Ke2 Rf5 30. Rxa6 Re7+ 31. Kd3 Rxd5+ 32. Kc2 Re4 33. c4 Re2+ 34. Kc3 Rd1 35. Nb5 Rc1+ 36. Kd3 Rxb2 37. Nxd6 Rh1 38. Nf5 Rf2 39. Ke4 Re1+ 40. Ne3 Rh2 41. Ra3 Rh3 42. Kf4 Rxh4+ 43. Kg3 Reh1 44. Ra8+ Kd7 45. Ra7+ Ke6 46. Ra6+ Ke5 47. Ng4+ Kd4 48. Nf2 Rh6 49. Ra7 Rg1+ 50. Kf3 Rf6+ 0-1

[Event "FB1 2324 SC 1957 Bad Königshofen  - Sch"]
[Site "?"]
[Date "2023.10.14"]
[Round "1.5"]
[White "Gheng, Simona"]
[Black "Rudzinska, Michalina"]
[Result "0-1"]
[WhiteElo "1952"]
[BlackElo "2228"]
[PlyCount "80"]
[EventDate "2023.??.??"]

1. e4 c6 2. d4 d5 3. exd5 cxd5 4. Nf3 Nf6 5. c3 Qc7 6. Nbd2 Nc6 7. g3 Bg4 8. Bg2 e6 9. Qa4 Bd6 10. c4 O-O 11. c5 Be7 12. O-O b6 13. b4 b5 14. Qb3 a5 15. bxa5 Rxa5 16. Bb2 Ra4 17. a3 Rb8 18. Bc3 Nd7 19. Rfe1 Bf6 20. Bf1 Nxd4 21. Nxd4 Bxd4 22. Bxd4 Rxd4 23. Qb2 Ra4 24. Rac1 Qc6 25. Nb3 e5 26. h3 Be6 27. f4 f6 28. fxe5 fxe5 29. Rxe5 Nxe5 30. Qxe5 Qe8 31. c6 Re4 32. Qd6 Rd8 33. Qc5 Qg6 34. Rc3 Re1 35. Qf2 Rb1 36. Nd2 Rf8 37. Qd4 Rd1 38. c7 Rfxf1+ 39. Kg2 Bxh3+ 40. Kxh3 Qh5+ 0-1

[Event "FB1 2324 SC 1957 Bad Königshofen  - Sch"]
[Site "?"]
[Date "2023.10.14"]
[Round "1.6"]
[White "Manko, Mariia"]
[Black "Lukas, Olivia"]
[Result "1-0"]
[WhiteElo "2057"]
[BlackElo "1240"]
[PlyCount "109"]
[EventDate "2023.??.??"]

1. d4 d5 2. c4 e6 3. Nf3 c5 4. cxd5 exd5 5. g3 Nc6 6. Bg2 Be6 7. O-O Nf6 8. Nc3 Ne4 9. Be3 Nxc3 10. bxc3 c4 11. Bg5 Qd7 12. Re1 h6 13. Bf4 Be7 14. Ne5 Nxe5 15. Bxe5 f6 16. Bf4 g5 17. Bd2 h5 18. e4 h4 19. exd5 Bxd5 20. Bxd5 Qxd5 21. Qe2 Rh7 22. Rab1 hxg3 23. fxg3 O-O-O 24. Qe4 Qxe4 25. Rxe4 Rdh8 26. Be1 Bd8 27. Re2 Re7 28. Rxe7 Bxe7 29. Bf2 Bd6 30. Rb5 a6 31. Rf5 Rf8 32. a4 Kd7 33. Kg2 Ke6 34. g4 Bf4 35. d5+ Kd6 36. Bd4 Ke7 37. Rxf4 gxf4 38. Bc5+ Kf7 39. Bxf8 Kxf8 40. a5 Ke7 41. h4 Kd6 42. h5 Kxd5 43. h6 Ke4 44. h7 f3+ 45. Kf2 Kd3 46. h8=Q Kxc3 47. Qxf6+ Kd2 48. Qd4+ Kc2 49. Qxc4+ Kb2 50. g5 Ka3 51. g6 Kb2 52. g7 Ka3 53. g8=Q Kb2 54. Qb3+ Ka1 55. Qg1# 1-0

[Event "FB1 2324 Rodewischer Schachmiezen - SK S"]
[Site "?"]
[Date "2023.10.14"]
[Round "1.2"]
[White "Sliwicka, Alicja"]
[Black "Arabidze, Meri"]
[Result "1/2-1/2"]
[WhiteElo "2290"]
[BlackElo "2456"]
[PlyCount "82"]
[EventDate "2023.??.??"]

1. e4 c5 2. Nf3 e6 3. d4 cxd4 4. Nxd4 Nc6 5. Nc3 Qc7 6. Be3 a6 7. a3 b5 8. Nxc6 Qxc6 9. Bd3 Bb7 10. Qd2 Rc8 11. f3 Qc7 12. O-O Nf6 13. Rae1 Be7 14. Qf2 d5 15. Bb6 Qxb6 16. Qxb6 Bc5+ 17. Qxc5 Rxc5 18. e5 Nd7 19. f4 Ke7 20. Ne2 g5 21. Nd4 gxf4 22. Rxf4 Rcc8 23. Kf2 Rcg8 24. Nf3 Rg7 25. Rh4 Nc5 26. Rd4 h6 27. g3 Rf8 28. Rh4 f6 29. Ke2 Nd7 30. Kd1 fxe5 31. Nxe5 Nxe5 32. Rxe5 Rg5 33. Rxg5 hxg5 34. Rh5 Kf6 35. Rh6+ Ke5 36. Rg6 Rf2 37. Rxg5+ Kd4 38. Rg4+ Ke3 39. Rg5 Kd4 40. Rg4+ Ke3 41. Rg5 Kd4 1/2-1/2

[Event "FB1 2324 Rodewischer Schachmiezen - SK S"]
[Site "?"]
[Date "2023.10.14"]
[Round "1.3"]
[White "Javakhishvili, Lela"]
[Black "Schoene, Maria"]
[Result "1-0"]
[WhiteElo "2437"]
[BlackElo "2179"]
[PlyCount "73"]
[EventDate "2023.??.??"]

1. d4 Nf6 2. c4 g6 3. Nc3 Bg7 4. Nf3 d6 5. g3 O-O 6. Bg2 Nc6 7. O-O a6 8. Bf4 h6 9. h3 g5 10. Be3 Rb8 11. Qd2 Bf5 12. Rac1 Qd7 13. d5 Nd8 14. h4 g4 15. Nd4 h5 16. Nxf5 Qxf5 17. c5 Re8 18. b4 e5 19. cxd6 cxd6 20. Bb6 Rc8 21. e4 Qg6 22. Be3 b5 23. a4 Nb7 24. axb5 axb5 25. Nxb5 Nxe4 26. Qa2 f5 27. Bxe4 fxe4 28. Qa6 Rxc1 29. Rxc1 Re7 30. Nc7 Bh6 31. Qxb7 Bxe3 32. fxe3 Rf7 33. Qc8+ Kh7 34. Ne6 Qf6 35. Ng5+ Kg7 36. Nxf7 Qf3 37. Qh8+ 1-0

[Event "FB1 2324 Rodewischer Schachmiezen - SK S"]
[Site "?"]
[Date "2023.10.14"]
[Round "1.4"]
[White "Kanakova, Natalie"]
[Black "Bulmaga, Irina"]
[Result "0-1"]
[WhiteElo "2161"]
[BlackElo "2423"]
[PlyCount "98"]
[EventDate "2023.??.??"]

1. Nf3 Nf6 2. c4 e6 3. e3 b6 4. g3 Bb7 5. Bg2 Be7 6. O-O O-O 7. b3 d5 8. Nc3 dxc4 9. bxc4 c5 10. Bb2 Nc6 11. Qe2 Qd7 12. Rad1 Rac8 13. Ne1 Rfd8 14. f4 Nb4 15. Bxb7 Qxb7 16. a3 Nc6 17. g4 a6 18. Rf2 b5 19. g5 Ne8 20. cxb5 axb5 21. Qxb5 Qxb5 22. Nxb5 Rb8 23. a4 Nd6 24. Nxd6 Rxb2 25. Ne4 Rb4 26. Nc3 e5 27. Kf1 exf4 28. exf4 f6 29. h4 Rc4 30. Ra1 Rcd4 31. d3 Na5 32. Raa2 fxg5 33. hxg5 Rf8 34. Ne2 Rb4 35. Kg2 Rb3 36. Ng3 c4 37. dxc4 Nxc4 38. Nc2 Bd6 39. Ne2 Rd3 40. Ra1 Bc5 41. Ne1 Rd2 42. Nf3 Rb2 43. Ned4 Ne3+ 44. Kg1 Rxf2 45. Kxf2 Nf5 46. Rc1 Bxd4+ 47. Nxd4 Nxd4 48. Ke3 Ne6 49. Rc4 Ra8 0-1

[Event "FB1 2324 Rodewischer Schachmiezen - SK S"]
[Site "?"]
[Date "2023.10.14"]
[Round "1.5"]
[White "Atalik, Ekaterina"]
[Black "Korenova, Martina"]
[Result "1-0"]
[WhiteElo "2394"]
[BlackElo "2164"]
[PlyCount "77"]
[EventDate "2023.??.??"]

1. c4 g6 2. Nf3 Bg7 3. g3 d6 4. Bg2 e5 5. d3 f5 6. O-O Nf6 7. Nc3 O-O 8. Rb1 Nc6 9. b4 a6 10. a4 Kh8 11. b5 axb5 12. axb5 Ne7 13. Bb2 h6 14. e3 g5 15. d4 Ng6 16. Qc2 g4 17. Nd2 Nh7 18. Nd5 Ng5 19. c5 e4 20. cxd6 cxd6 21. Rfc1 Nf3+ 22. Nxf3 gxf3 23. Bf1 Rf7 24. Ra1 Rb8 25. b6 Be6 26. Nc7 Bd7 27. Qb3 Qf6 28. Nd5 Qg5 29. Nf4 Re7 30. Ba3 Nxf4 31. Bxd6 Be6 32. exf4 Bxb3 33. fxg5 Rbe8 34. Bxe7 Rxe7 35. Rc8+ Kh7 36. Rc7 Rf7 37. Bc4 Bxc4 38. Rxc4 hxg5 39. Rc7 1-0

[Event "FB1 2324 Rodewischer Schachmiezen - SK S"]
[Site "?"]
[Date "2023.10.14"]
[Round "1.6"]
[White "Kubikova, Hana"]
[Black "Matnadze Bujiashvili, Ann"]
[Result "0-1"]
[WhiteElo "2071"]
[BlackElo "2400"]
[PlyCount "70"]
[EventDate "2023.??.??"]

1. d4 Nf6 2. Nf3 e6 3. g3 b6 4. Bg2 Bb7 5. O-O Be7 6. c4 O-O 7. Nc3 Ne4 8. Qc2 Nxc3 9. Qxc3 Be4 10. Nd2 Bxg2 11. Kxg2 f5 12. Nf3 Bf6 13. Qd3 Nc6 14. Bd2 a5 15. Bc3 d5 16. Kg1 Qd6 17. Rac1 Rad8 18. c5 bxc5 19. dxc5 Qd7 20. Qd2 e5 21. b3 d4 22. Rfd1 e4 23. Ne1 Qe7 24. Bb2 Bg5 25. Qc2 Bxc1 26. Bxc1 Rd5 27. Qc4 Rfd8 28. Ba3 Ne5 29. Qa6 d3 30. exd3 exd3 31. h3 d2 32. Ng2 Nf3+ 33. Kh1 Re5 34. Ne3 Rxe3 35. fxe3 Qxe3 0-1

[Event "FB1 2324 SK Doppelbauer Turm Kiel - Ham"]
[Site "?"]
[Date "2023.10.14"]
[Round "1.1"]
[White "Papp, Sarah"]
[Black "Rath, Alina"]
[Result "1-0"]
[WhiteElo "2294"]
[BlackElo "2030"]
[PlyCount "81"]
[EventDate "2023.??.??"]

1. e4 c5 2. Nf3 Nc6 3. Bb5 a6 4. Bxc6 dxc6 5. d3 Qc7 6. h3 e5 7. Be3 Bd6 8. Nbd2 Ne7 9. a4 a5 10. Nc4 Ng6 11. Qd2 f6 12. Qc3 b6 13. g3 Be6 14. Nfd2 O-O 15. h4 Rfe8 16. h5 Nf8 17. Nxd6 Qxd6 18. f4 Nd7 19. Nf3 Bg4 20. Nh4 Be6 21. f5 Bf7 22. g4 h6 23. Qd2 Kh7 24. Nf3 Qe7 25. b3 Red8 26. Ke2 Nb8 27. g5 fxg5 28. Nxg5+ hxg5 29. Bxg5 Qd7 30. Bxd8 Qxd8 31. Rag1 Qf6 32. Rg6 Bxg6 33. hxg6+ Kg8 34. Kd1 Kf8 35. Rh8+ Ke7 36. Qh2 Kd6 37. Re8 Kc7 38. Re6 Qg5 39. Qxe5+ Kb7 40. Qxg7+ Ka6 41. Re7 1-0

[Event "FB1 2324 SK Doppelbauer Turm Kiel - Ham"]
[Site "?"]
[Date "2023.10.14"]
[Round "1.2"]
[White "Falke, Ornella"]
[Black "Lubbe, Melanie"]
[Result "0-1"]
[WhiteElo "1990"]
[BlackElo "2273"]
[PlyCount "52"]
[EventDate "2023.??.??"]

1. d4 Nf6 2. Nf3 g6 3. g3 Bg7 4. Bg2 O-O 5. O-O d6 6. c4 c6 7. Nc3 Bf5 8. Ne1 Be6 9. Qd3 d5 10. b3 Na6 11. Ba3 Re8 12. f3 c5 13. Nc2 Rc8 14. cxd5 Nxd5 15. Nb5 Qb6 16. Rad1 Nab4 17. Bxb4 Nxb4 18. Nxb4 cxb4 19. Kh1 Bd7 20. a4 a6 21. Qd2 axb5 22. Qxb4 Qd6 23. Qxd6 exd6 24. Rd2 bxa4 25. bxa4 Bxa4 26. Rb1 b5 0-1

[Event "FB1 2324 SK Doppelbauer Turm Kiel - Ham"]
[Site "?"]
[Date "2023.10.14"]
[Round "1.3"]
[White "Genova, Lyubka"]
[Black "Braeutigam, Katerina"]
[Result "1-0"]
[WhiteElo "2249"]
[BlackElo "1880"]
[PlyCount "81"]
[EventDate "2023.??.??"]

1. e4 c6 2. d4 d5 3. exd5 cxd5 4. c4 Nf6 5. Nc3 e6 6. c5 Nc6 7. Nf3 Be7 8. Bb5 O-O 9. O-O Ne4 10. Bxc6 bxc6 11. Qc2 f5 12. Ne5 Qc7 13. Na4 Ba6 14. Rd1 Bh4 15. g3 Be7 16. f3 Nf6 17. b4 Nd7 18. Nxd7 Qxd7 19. Bf4 Bf6 20. Qd2 Rfe8 21. Re1 Qb7 22. Kg2 Kf7 23. Rab1 Rg8 24. Nc3 g5 25. Be5 Qd7 26. a4 Bxe5 27. Rxe5 Rab8 28. Qe3 Rg6 29. Qd2 Bc4 30. Nd1 a5 31. Ne3 Ba6 32. b5 cxb5 33. Qxa5 Qc6 34. Nc2 Bc8 35. axb5 Ra8 36. Qc3 Qe8 37. c6 Rb8 38. Qc5 Rg8 39. Qa7+ Bb7 40. cxb7 Qd7 41. Qa6 1-0

[Event "FB1 2324 SK Doppelbauer Turm Kiel - Ham"]
[Site "?"]
[Date "2023.10.14"]
[Round "1.4"]
[White "Gressmann, Hanna"]
[Black "Ziegenfuss, Antonia"]
[Result "1/2-1/2"]
[WhiteElo "1951"]
[BlackElo "2196"]
[PlyCount "49"]
[EventDate "2023.??.??"]

1. e4 c5 2. c3 Nf6 3. e5 Nd5 4. Nf3 e6 5. Bc4 Nb6 6. Bb3 d6 7. exd6 Bxd6 8. O-O N8d7 9. d4 Qc7 10. Qe2 c4 11. Bc2 Nf6 12. Nbd2 Bd7 13. Ne5 h5 14. Ndf3 Ng4 15. h3 Nh6 16. Nd2 Bxe5 17. Qxe5 Qxe5 18. dxe5 O-O-O 19. a4 a5 20. Ne4 Kc7 21. Nd6 Bc6 22. Be3 Bd5 23. Nb5+ Kc6 24. Na7+ Kc7 25. Nb5+ 1/2-1/2

[Event "FB1 2324 SK Doppelbauer Turm Kiel - Ham"]
[Site "?"]
[Date "2023.10.14"]
[Round "1.5"]
[White "Zhou, Lepu Coco"]
[Black "Benzen, Marthe"]
[Result "1-0"]
[WhiteElo "1999"]
[BlackElo "1954"]
[PlyCount "77"]
[EventDate "2023.??.??"]

1. e4 e5 2. Nf3 Nc6 3. Bb5 a6 4. Ba4 Nf6 5. O-O b5 6. Bb3 Be7 7. Qe2 O-O 8. d4 d6 9. dxe5 dxe5 10. Rd1 Qe8 11. a4 Bg4 12. axb5 axb5 13. Rxa8 Qxa8 14. c3 Na5 15. Bc2 Nc4 16. Nbd2 Nd6 17. h3 Bh5 18. g4 Bg6 19. Nxe5 Bxe4 20. Nxe4 Nfxe4 21. Bb3 Ng5 22. Bd5 Qc8 23. h4 Bf6 24. hxg5 Bxe5 25. f4 Bxc3 26. bxc3 Re8 27. Qf3 Qa6 28. Be3 Qa3 29. Bd4 b4 30. cxb4 Qxb4 31. Qc3 Qxc3 32. Bxc3 Re3 33. Be5 Rg3+ 34. Kf2 Rxg4 35. Ra1 Kf8 36. Kf3 Rh4 37. Bxd6+ cxd6 38. Kg3 Rh5 39. Bf3 1-0

[Event "FB1 2324 SK Doppelbauer Turm Kiel - Ham"]
[Site "?"]
[Date "2023.10.14"]
[Round "1.6"]
[White "Rommeck, Christiane"]
[Black "Rogozenco, Teodora"]
[Result "0-1"]
[WhiteElo "1558"]
[BlackElo "1964"]
[PlyCount "82"]
[EventDate "2023.??.??"]

1. c4 e6 2. Nc3 Nf6 3. a3 c5 4. g3 d5 5. Bg2 Nc6 6. cxd5 exd5 7. e3 d4 8. Nce2 Be7 9. Nf3 dxe3 10. fxe3 c4 11. O-O O-O 12. b3 cxb3 13. Qxb3 Na5 14. Qc2 Be6 15. d4 Nb3 16. Rb1 Nxc1 17. Qxc1 Rc8 18. Qb2 Nd5 19. e4 Ne3 20. Rfc1 Nxg2 21. Kxg2 b6 22. d5 Rxc1 23. Rxc1 Bc8 24. Nf4 Bc5 25. Rd1 Re8 26. e5 Bb7 27. Rd3 Kf8 28. Qb3 g5 29. Nh5 g4 30. Nh4 Rxe5 31. Nf4 Be7 32. Qd1 h5 33. Qf1 Kg8 34. Qa1 Bf6 35. Qd1 Qe8 36. Kf2 Bxh4 37. gxh4 Rf5 38. Kg3 Qe5 39. Qd2 Qd6 40. Rd4 Qxa3+ 41. Rd3 Qd6 0-1

[Event "FB1 2324 TuRa Harksheide  - SG Solingen"]
[Site "?"]
[Date "2023.10.14"]
[Round "1.1"]
[White "Gaponenko, Inna"]
[Black "Antolak, Julia"]
[Result "1/2-1/2"]
[WhiteElo "2332"]
[BlackElo "2290"]
[PlyCount "38"]
[EventDate "2023.??.??"]

1. e4 c5 2. Nf3 d6 3. d4 cxd4 4. Nxd4 Nf6 5. Nc3 Nc6 6. Bg5 e6 7. Qd2 a6 8. O-O-O Bd7 9. Nxc6 Bxc6 10. f3 Be7 11. h4 Rc8 12. Kb1 b5 13. Bd3 h6 14. Be3 d5 15. Qf2 Qc7 16. Bb6 Qb8 17. Ba7 Qc7 18. Bb6 Qb8 19. Ba7 Qc7 1/2-1/2

[Event "FB1 2324 TuRa Harksheide  - SG Solingen"]
[Site "?"]
[Date "2023.10.14"]
[Round "1.2"]
[White "Lach, Aleksandra"]
[Black "Dolzhykova, Kateryna"]
[Result "1-0"]
[WhiteElo "2238"]
[BlackElo "2336"]
[PlyCount "67"]
[EventDate "2023.??.??"]

1. e4 e6 2. d4 d5 3. Bd3 dxe4 4. Bxe4 Nf6 5. Bf3 Bd6 6. Ne2 Nbd7 7. Ng3 O-O 8. O-O Re8 9. Nc3 c6 10. Nce4 Nxe4 11. Nxe4 Bc7 12. Bg5 f6 13. Be3 e5 14. d5 cxd5 15. Qxd5+ Kh8 16. Rad1 Qe7 17. Nd6 Bxd6 18. Qxd6 Qxd6 19. Rxd6 e4 20. Bh5 g6 21. Be2 a6 22. Rfd1 Re7 23. Bh6 b5 24. c4 bxc4 25. Bxc4 Ra7 26. Rc6 Re8 27. Bf7 Rd8 28. h3 a5 29. Rxf6 a4 30. Bc4 Rc7 31. b3 Re8 32. Rf7 Rxc4 33. bxc4 Ne5 34. Re7 1-0

[Event "FB1 2324 TuRa Harksheide  - SG Solingen"]
[Site "?"]
[Date "2023.10.14"]
[Round "1.3"]
[White "Van Foreest, Machteld"]
[Black "Gosciniak, Maria"]
[Result "1-0"]
[WhiteElo "2266"]
[BlackElo "2086"]
[PlyCount "79"]
[EventDate "2023.??.??"]

1. e4 Nf6 2. e5 Nd5 3. d4 d6 4. Nf3 dxe5 5. Nxe5 c6 6. Be2 Bf5 7. O-O Nd7 8. Nf3 e6 9. Bd3 Bxd3 10. Qxd3 Be7 11. c4 N5f6 12. Bf4 Nh5 13. Be3 O-O 14. Nc3 Qc7 15. Rad1 Rad8 16. Rfe1 Nhf6 17. h3 h6 18. Qd2 Bb4 19. Bxh6 gxh6 20. Qxh6 Rfe8 21. Qg5+ Kf8 22. Nh4 Ng8 23. Re3 Be7 24. Qh5 Ndf6 25. Qf3 Bd6 26. g3 Ke7 27. c5 Bxc5 28. dxc5 Rxd1+ 29. Qxd1 Rd8 30. Qf3 Nd5 31. Nxd5+ Rxd5 32. Nf5+ Kf8 33. Nd6 e5 34. b4 b6 35. Rc3 Qd7 36. Qh5 bxc5 37. bxc5 Qe6 38. Rf3 Nh6 39. Qh4 e4 40. Rf6 1-0

[Event "FB1 2324 TuRa Harksheide  - SG Solingen"]
[Site "?"]
[Date "2023.10.14"]
[Round "1.4"]
[White "Adamowicz, Katarzyna"]
[Black "Muetsch, Annmarie"]
[Result "0-1"]
[WhiteElo "2100"]
[BlackElo "2262"]
[PlyCount "70"]
[EventDate "2023.??.??"]

1. e4 d6 2. d4 Nf6 3. Nc3 e5 4. Nf3 Nbd7 5. Bc4 Be7 6. O-O O-O 7. Re1 a6 8. a4 b6 9. h3 Bb7 10. d5 Kh8 11. Nh2 Ng8 12. f4 exf4 13. Bxf4 Bg5 14. Qd2 Bxf4 15. Qxf4 Ne5 16. Be2 Qf6 17. Qe3 Qh6 18. Qd4 Nf6 19. Rf1 Rae8 20. a5 b5 21. Bxb5 axb5 22. a6 Ba8 23. Nxb5 Qg6 24. Ra4 Ned7 25. Qa7 Nc5 26. Rc4 Rxe4 27. Rxe4 Qxe4 28. Nxc7 Qe3+ 29. Kh1 Nfe4 30. Rf3 Ng3+ 31. Rxg3 Qxg3 32. Nxa8 Qe1+ 33. Nf1 Qxf1+ 34. Kh2 Qf4+ 35. Kh1 Re8 0-1

[Event "FB1 2324 TuRa Harksheide  - SG Solingen"]
[Site "?"]
[Date "2023.10.14"]
[Round "1.5"]
[White "Agrest, Inna"]
[Black "Brandt, Carina"]
[Result "1-0"]
[WhiteElo "2266"]
[BlackElo "2058"]
[PlyCount "45"]
[EventDate "2023.??.??"]

1. e4 e6 2. d4 d5 3. Nc3 Bb4 4. a3 Bxc3+ 5. bxc3 dxe4 6. Qg4 f5 7. Qxg7 Qf6 8. Qxc7 Nc6 9. Bb5 Bd7 10. Bf4 Rc8 11. Qxb7 Nge7 12. Ne2 Rg8 13. g3 Nd5 14. Be5 Qd8 15. Bxc6 Rxc6 16. Qxa7 Nxc3 17. Nxc3 Rxc3 18. d5 Qc8 19. O-O Rxc2 20. Rab1 Qc5 21. Rb8+ Bc8 22. Qxh7 Rf8 23. d6 1-0

[Event "FB1 2324 TuRa Harksheide  - SG Solingen"]
[Site "?"]
[Date "2023.10.14"]
[Round "1.6"]
[White "Koehler, Inken"]
[Black "Zozulia, Anna"]
[Result "1/2-1/2"]
[WhiteElo "2005"]
[BlackElo "2225"]
[PlyCount "101"]
[EventDate "2023.??.??"]

1. e4 c5 2. Nf3 Nc6 3. Bb5 d6 4. O-O Bd7 5. Re1 Nf6 6. Bf1 Bg4 7. c3 e5 8. Bc4 Be7 9. d3 O-O 10. Nbd2 a6 11. Nf1 b5 12. Bb3 Na5 13. Ne3 Nxb3 14. axb3 Be6 15. Ng5 Nd7 16. Nxe6 fxe6 17. Nf1 Kh8 18. Ng3 Bg5 19. Qg4 Bxc1 20. Rexc1 Qf6 21. Rf1 a5 22. f4 exf4 23. Nh5 Qg6 24. Qxg6 hxg6 25. Nxf4 Rf6 26. d4 cxd4 27. cxd4 Raf8 28. Nd3 Rxf1+ 29. Rxf1 Rxf1+ 30. Kxf1 e5 31. dxe5 Nxe5 32. Ke2 Nc6 33. Ke3 Kg8 34. Nf4 Kf7 35. Nd5 Ne5 36. h3 Nd7 37. b4 axb4 38. Nxb4 Nc5 39. Nd5 Ke6 40. b4 Na6 41. Kf4 g5+ 42. Kxg5 Ke5 43. Kg6 Kxe4 44. Nc3+ Kf4 45. Nxb5 d5 46. g4 Nxb4 47. g5 Nd3 48. h4 Kg4 49. Kxg7 Kxh4 50. Kf6 Ne5 51. Kxe5 1/2-1/2

[Event "FB1 2324 SK Schwäbisch Hall - SC 1957 B"]
[Site "?"]
[Date "2023.10.15"]
[Round "2.1"]
[White "Schneider, Jana"]
[Black "Khotenashvili, Bella"]
[Result "0-1"]
[WhiteElo "2285"]
[BlackElo "2483"]
[PlyCount "182"]
[EventDate "2023.??.??"]

1. e4 g6 2. d4 Bg7 3. Nc3 c6 4. Bc4 d6 5. Bb3 Nf6 6. Nf3 O-O 7. O-O Bg4 8. h3 Bxf3 9. Qxf3 Nfd7 10. Rd1 e6 11. Bf4 e5 12. dxe5 dxe5 13. Be3 Qe7 14. Rd2 Kh8 15. Qg3 Na6 16. a3 Ndc5 17. Ba2 Rfd8 18. Rxd8+ Rxd8 19. b4 Ne6 20. Bxe6 Qxe6 21. Bxa7 Qc4 22. Qe3 Rd7 23. Rb1 b5 24. Qb6 Qxc3 25. Qxa6 Bf6 26. Be3 Qxc2 27. Rc1 Rd1+ 28. Rxd1 Qxd1+ 29. Kh2 Qd7 30. Qa8+ Kg7 31. Bc5 h5 32. Qb8 h4 33. Bd6 Qe6 34. Qc7 Qa2 35. Qc8 Qxf2 36. Qf8+ Kh7 37. Qxf7+ Kh6 38. Bf8+ Kg5 39. Qh7 Kf4 40. Bh6+ Kxe4 41. Qxg6+ Kd4 42. Qf7 Kc3 43. Qe6 Kb2 44. Qxc6 e4 45. Qc1+ Ka2 46. Be3 Be5+ 47. Kh1 Qe2 48. Qc5 Bg3 49. Qd5+ Kxa3 50. Bc1+ Ka4 51. Qa8+ Kb3 52. Qa3+ Kc4 53. Be3 Qd1+ 54. Bg1 Qd3 55. Qb2 Bf4 56. Qf2 Bg3 57. Qb2 Qd1 58. Qf6 Qe2 59. Qe7 Kb3 60. Qc5 Qd3 61. Qe7 Qc4 62. Bc5 Be1 63. Qf6 Bg3 64. Qa1 Qc2 65. Qf1 Qd3 66. Qf7+ Qc4 67. Qe7 Qf1+ 68. Bg1 Qd3 69. Bc5 Be1 70. Qf7+ Ka3 71. Qa7+ Kb2 72. Qe7 Bc3 73. Bg1 Kb3 74. Qg5 Bxb4 75. Qxh4 Bc3 76. Qf4 Bd2 77. Qf5 b4 78. h4 Kc2 79. Qc5+ Bc3 80. Qf2+ Qd2 81. Qf5 Qe2 82. Qd7 b3 83. Qa4 Qd3 84. h5 e3 85. h6 e2 86. Bf2 Qd1+ 87. Kh2 e1=Q 88. Bxe1 Qxe1 89. Qc6 Qh4+ 90. Kg1 Qd4+ 91. Kh1 b2 0-1

[Event "FB1 2324 SK Schwäbisch Hall - SC 1957 B"]
[Site "?"]
[Date "2023.10.15"]
[Round "2.2"]
[White "Arabidze, Meri"]
[Black "Kiolbasa, Oliwia"]
[Result "1-0"]
[WhiteElo "2456"]
[BlackElo "2375"]
[PlyCount "105"]
[EventDate "2023.??.??"]

1. d4 Nf6 2. c4 e6 3. Nc3 Bb4 4. f3 c5 5. d5 d6 6. e4 b5 7. Nge2 bxc4 8. Nf4 e5 9. Nfe2 Ng8 10. Ng3 Ne7 11. Bxc4 O-O 12. O-O Nd7 13. Qc2 Nb6 14. Be2 Kh8 15. a3 Bxc3 16. bxc3 Ng6 17. Rf2 Nf4 18. Bf1 Bd7 19. c4 Rb8 20. Nf5 Nh5 21. g3 g6 22. Ne3 Na4 23. Ng2 Qb6 24. g4 Ng7 25. f4 Qb3 26. Bd3 Qxc2 27. Bxc2 Nb6 28. Ne3 exf4 29. Rxf4 Ba4 30. Ra2 Bxc2 31. Rxc2 Na4 32. h4 h5 33. Rf6 Ne8 34. Rf1 Ng7 35. Rcf2 Rb1 36. Bd2 Rxf1+ 37. Rxf1 hxg4 38. Nxg4 f5 39. e5 Rb8 40. Nh6 dxe5 41. Nf7+ Kh7 42. Nxe5 Rb2 43. Nf3 Rb3 44. Ng5+ Kg8 45. Bf4 Nh5 46. Bc7 Nf6 47. Re1 Nc3 48. Re6 Rb1+ 49. Kg2 Rb2+ 50. Kf3 Rb3 51. Re3 Ng4 52. d6 Nh2+ 53. Kf4 1-0

[Event "FB1 2324 SK Schwäbisch Hall - SC 1957 B"]
[Site "?"]
[Date "2023.10.15"]
[Round "2.3"]
[White "Maltsevskaya, Aleksandra"]
[Black "Javakhishvili, Lela"]
[Result "1/2-1/2"]
[WhiteElo "2389"]
[BlackElo "2437"]
[PlyCount "158"]
[EventDate "2023.??.??"]

1. c4 e5 2. Nc3 Nc6 3. e3 g6 4. d4 d6 5. Nf3 Bg7 6. b3 exd4 7. exd4 Bg4 8. Be3 Nge7 9. Be2 O-O 10. O-O Nf5 11. Bg5 f6 12. Bf4 Bxf3 13. Bxf3 Nfxd4 14. Bd5+ Kh8 15. b4 f5 16. b5 Nb4 17. Bxb7 Rb8 18. Bd5 Ndc2 19. Rc1 Bxc3 20. a3 Be5 21. Bxe5+ dxe5 22. axb4 Nxb4 23. Qe2 Qf6 24. Ra1 a6 25. bxa6 Nxa6 26. Qe3 Nb4 27. Ra7 Qd6 28. Qc3 Nxd5 29. cxd5 Rf7 30. Re1 Kg8 31. h3 e4 32. Rea1 Qxd5 33. Rxc7 Rxc7 34. Qxc7 Qb7 35. Qd6 Re8 36. Rc1 Qe7 37. Qd5+ Qe6 38. Qd4 e3 39. fxe3 Qxe3+ 40. Qxe3 Rxe3 41. Rc7 Re8 42. Kf2 Rf8 43. Rb7 Rf7 44. Rb6 Kg7 45. Ra6 Rb7 46. Ra2 Kf6 47. Re2 Kg5 48. Rc2 h5 49. Ra2 h4 50. Rc2 Rb6 51. Rc4 Rb2+ 52. Kf3 Kh5 53. Ra4 Rb5 54. Kf2 g5 55. Kg1 Re5 56. Rb4 Re6 57. Ra4 Kg6 58. Kf2 Kf6 59. Ra5 Rd6 60. Kf3 Ke6 61. Ke3 Rb6 62. Kf3 Rb3+ 63. Kf2 Rd3 64. Ke2 Rd5 65. Ra4 Ke5 66. Ke3 Rb5 67. Ra3 g4 68. hxg4 fxg4 69. Ra1 Rb3+ 70. Kf2 Rb2+ 71. Kg1 Re2 72. Ra5+ Kf4 73. Ra4+ Re4 74. g3+ hxg3 75. Rxe4+ Kxe4 76. Kg2 Kf4 77. Kg1 Kf3 78. Kh1 g2+ 79. Kg1 g3 1/2-1/2